Estadísticas para Países que comparten fronteras con Francia

Haz click aquí para intentar la prueba.

Estadísticas generales

  • Esta prueba ha sido intentada 4.105 veces
  • La puntuación promedio es 9 de 10

Estadísticas de respuestas

TamañoPaís% Correcto
623 kmEspaña
100%
451 kmAlemania
97%
620 kmBélgica
97%
488 kmItalia
97%
573 kmSuiza
96%
57 kmAndorra
95%
73 kmLuxemburgo
92%
4 kmMónaco
92%
673 kmBrasil
77%
510 kmSurinam
75%

Distribución de puntuación

Porcentaje por número respondido

Porcentaje de gente con cada puntuación

Historial de tus puntuaciones

No has intentado esta prueba.